000
00337nam a2200157Ia 4500
003
IT-RoPAU
008
120407s9999 xx 000 0 und d
040
_a
IT-RoPAU
040
_c
IT-RoPAU
100
_a
Vittorio Marcozzi
245
_a
La vita e l'uomo
260
_a
Casa ed. Ambrosiana
300
_c
cm
490
_v
1
942
_c
BK
999
_c
1623
_d
1623